<?xml version="1.0" encoding="UTF-8"?><?xml-stylesheet type="text/xsl" href="static/style.xsl"?><OAI-PMH xmlns="http://www.openarchives.org/OAI/2.0/" xmlns:xsi="http://www.w3.org/2001/XMLSchema-instance" xsi:schemaLocation="http://www.openarchives.org/OAI/2.0/ http://www.openarchives.org/OAI/2.0/OAI-PMH.xsd"><responseDate>2026-04-27T13:07:47Z</responseDate><request verb="GetRecord" identifier="oai:uvadoc.uva.es:10324/3290" metadataPrefix="marc">https://uvadoc.uva.es/oai/request</request><GetRecord><record><header><identifier>oai:uvadoc.uva.es:10324/3290</identifier><datestamp>2025-01-13T07:49:35Z</datestamp><setSpec>com_10324_1138</setSpec><setSpec>com_10324_931</setSpec><setSpec>com_10324_894</setSpec><setSpec>col_10324_1226</setSpec></header><metadata><record xmlns="http://www.loc.gov/MARC21/slim" xmlns:doc="http://www.lyncode.com/xoai" xmlns:xsi="http://www.w3.org/2001/XMLSchema-instance" xmlns:dcterms="http://purl.org/dc/terms/" xsi:schemaLocation="http://www.loc.gov/MARC21/slim http://www.loc.gov/standards/marcxml/schema/MARC21slim.xsd">
<leader>00925njm 22002777a 4500</leader>
<datafield tag="042" ind1=" " ind2=" ">
<subfield code="a">dc</subfield>
</datafield>
<datafield tag="720" ind1=" " ind2=" ">
<subfield code="a">Soudah Prieto, Eduardo</subfield>
<subfield code="e">author</subfield>
</datafield>
<datafield tag="720" ind1=" " ind2=" ">
<subfield code="a">Vilalta Alonso, Guillermo</subfield>
<subfield code="e">author</subfield>
</datafield>
<datafield tag="720" ind1=" " ind2=" ">
<subfield code="a">Vilalta Alonso, José Alberto</subfield>
<subfield code="e">author</subfield>
</datafield>
<datafield tag="720" ind1=" " ind2=" ">
<subfield code="a">Bordone, Maurizio</subfield>
<subfield code="e">author</subfield>
</datafield>
<datafield tag="720" ind1=" " ind2=" ">
<subfield code="a">Nieto Palomo, Félix</subfield>
<subfield code="e">author</subfield>
</datafield>
<datafield tag="720" ind1=" " ind2=" ">
<subfield code="a">Pérez Rueda, María Ángeles</subfield>
<subfield code="e">author</subfield>
</datafield>
<datafield tag="720" ind1=" " ind2=" ">
<subfield code="a">Vaquero Puerta, Carlos</subfield>
<subfield code="e">author</subfield>
</datafield>
<datafield tag="260" ind1=" " ind2=" ">
<subfield code="c">2013</subfield>
</datafield>
<datafield tag="520" ind1=" " ind2=" ">
<subfield code="a">Introduction: Abdominal aortic aneurysm (AAA) is defined as a localized, progressive and&#xd;
permanent dilation of the aortic wall. Usually are thought to be the end results of irreversible&#xd;
pathological remodelling of the arterial connective tissue, which causes changes, over time, in&#xd;
AAA geometry, in the constitutive formulation an in the failure criterion. Simple geometric&#xd;
parameters, those obtained directly from the computed tomography CT, can define the AAA&#xd;
from a geometrical point of view. It is well documented that aneurysm shape, defined by means&#xd;
of appropriate relations between simple parameters which are known as Geometric&#xd;
BioDeterminants (GBDs) [1], has strong influence on flow patterns and consequently on wall&#xd;
stress distribution (peak values and locations). Therefore, it has been recognized that the AAA&#xd;
morphology has a significant influence in its rupture potential. Aim of this study was to&#xd;
characterize the influence of the main geometric parameters of the AAA (simple and GBDs) in&#xd;
the hemodynamic stresses (Wall Shear Stress-WSS and Hemodynamic Pressure-HP) acting on intimal layer</subfield>
</datafield>
<datafield tag="024" ind2=" " ind1="8">
<subfield code="a">Universidad de Valladolid</subfield>
</datafield>
<datafield tag="024" ind2=" " ind1="8">
<subfield code="a">http://uvadoc.uva.es/handle/10324/3290</subfield>
</datafield>
<datafield tag="024" ind2=" " ind1="8">
<subfield code="a">1</subfield>
</datafield>
<datafield tag="024" ind2=" " ind1="8">
<subfield code="a">2</subfield>
</datafield>
<datafield ind1=" " ind2=" " tag="653">
<subfield code="a">Hemodinámica</subfield>
</datafield>
<datafield tag="245" ind1="0" ind2="0">
<subfield code="a">Idealized Abdominal Aortic Aneurysm (AAA) Geometry as Predictor of Hemodynamics Stresses</subfield>
</datafield>
</record></metadata></record></GetRecord></OAI-PMH>